000 010490000a22003010004500
041 0 _aEspañol
090 _aMM
_b00065
245 1 0 _aProducción de frutas y hortalizas amazónicas
300 _a128 min.
_bVHS
650 1 4 _aAgricultura tropical
_9100847
650 1 4 _aFrutas
_9100848
650 1 4 _aHortalizas
_992676
650 1 4 _aTécnicas de cultivo
_918377
650 1 4 _aEspecies promisorias
_94674
650 1 4 _aTransferencia tecnológica
_9100849
650 1 4 _aCuenca amazónica
_94717
653 _fMyrtaceae
_gMyrciaria
_eMyrciaria dubia
_vcamu-camu
653 _fPalmae
_gBactris
_eBactris gasipaes
_vpijuayo
653 _f
_gTheobroma
_eTheobroma grandiflorum
_vcopoazu
653 _fMyrtaceae
_gEugenia
_eEugenia stipitata
_varaza
041 0 _aEspañol
044 _aBrasil
710 1 _aTratado de Cooperación Amazónica
_dSecretaria Pro Tempore
_910321
110 1 _aFAO
_dOficina Regional para América Latina y el Caribe
_9100850
260 _as.l.
_bFAO
_c1997
260 _bTratado de Cooperación Amazónica
942 _cCD-ROM
999 _c16444
_d16444